000 00954nam a22002177a 4500
003 BUBTL
008 211206b ||||| |||| 00| 0 eng d
020 _a9844950337
082 _a891.443/ Ah52e/ 1999
100 _91693
_aআহমেদ, হুমায়ূন
245 _aএকজন হিমু কয়েকটি ঝিঁ ঝিঁ পোকা /
_c হুমায়ূন আহমেদ
250 _a1st Edn.
260 _aঢাকা:
_bপার্ল পাবলিকেশন্স,
_cc1999
300 _a103 p.:
_c22 cm.
505 _aএকজন হিমু কয়েকটি ঝিঁ ঝিঁ পোকা, হুমায়ূন আহমেদ, বাংলা সাহিত্য, Bengali Literature
650 0 _91687
_aবাংলা সাহিত্য
650 0 _92152
_aBengali Literature
856 _k0
_l0
_yDownload
942 _2ddc
_cBK
999 _c6599
_d6599